[Event "Joao Pessoa Fischer Memorial 10th"]
[Site "Joao Pessoa"]
[Date "2019.03.30"]
[Round "4"]
[White "Franca, Frankleno de Sousa"]
[Black "Macedo, Maximo Valerio"]
[Result "0-1"]
[WhiteElo "1770"]
[BlackElo "1984"]
[PlyCount "74"]
[EventDate "2019.03.29"]
[EventType "swiss"]
[EventRounds "6"]
[EventCountry "BRA"]
[SourceTitle "CBM 190 Extra"]
[Source "ChessBase"]
[SourceDate "2019.07.15"]
[SourceVersion "1"]
[SourceVersionDate "2019.07.15"]
[SourceQuality "1"]

1. Nf3 f5 2. g3 Nf6 3. Bg2 g6 4. c4 Bg7 5. Nc3 d6 6. d4 0-0 7. 0-0 c6 8. Bg5 h6 9. Bxf6 Bxf6 10. e4 fxe4 11. Nxe4 Bg7 12. h3 Nd7 13. Qe2 Rf7 14. Rad1 Nf8 15. b4 Bd7 16. d5 cxd5 17. Rxd5 Qc8 18. c5 Be6 19. Rdd1 dxc5 20. Nxc5 Bxh3 21. Ne5 Bxg2 22. Kxg2 Bxe5 23. Qxe5 Qc6+ 24. f3 b6 25. Ne4 Qc4 26. Rh1 Qe2+ 27. Kh3 Qxf3 28. Rhf1 Rf5 29. Rxf3 Rxe5 30. Nc3 Rc8 31. Nd5 Kg7 32. Nf4 Re4 33. a3 Rec4 34. Rdd3 Nh7 35. Rf2 Nf6 36. Re3 Kf7 37. Ref3 g5 0-1

[Event "Joao Pessoa Fischer Memorial 10th"]
[Site "Joao Pessoa"]
[Date "2019.03.29"]
[Round "2"]
[White "Franca, Frankleno de Sousa"]
[Black "Lage, Pedro Ferreira"]
[Result "0-1"]
[WhiteElo "1770"]
[BlackElo "1991"]
[PlyCount "62"]
[EventDate "2019.03.29"]
[EventType "swiss"]
[EventRounds "6"]
[EventCountry "BRA"]
[SourceTitle "CBM 190 Extra"]
[Source "ChessBase"]
[SourceDate "2019.07.15"]
[SourceVersion "1"]
[SourceVersionDate "2019.07.15"]
[SourceQuality "1"]

1. Nf3 d5 2. g3 c6 3. Bg2 Bg4 4. 0-0 Nd7 5. d4 e6 6. c4 Ngf6 7. Nc3 dxc4 8. a4 Bb4 9. Qc2 0-0 10. e4 c5 11. d5 Bxc3 12. bxc3 exd5 13. exd5 Nxd5 14. Ng5 N7f6 15. Ne4 Qc7 16. Rb1 Nd7 17. Ng5 N5f6 18. Bf4 Qa5 19. Rxb7 h6 20. Ne4 Nd5 21. Rb5 Qd8 22. Bd6 a6 23. Rb7 Re8 24. Nxc5 Nxc5 25. Bxc5 Be2 26. Qf5 Nf6 27. Re1 Bd3 28. Rxe8+ Qxe8 29. Qh3 Qe1+ 30. Bf1 Ne4 31. Bd4 Ng5 0-1

[Event "Joao Pessoa Fischer Memorial 9th"]
[Site "Joao Pessoa"]
[Date "2018.03.16"]
[Round "2"]
[White "Franca, Frankleno de Sousa"]
[Black "Da Silva, Gerson Lennon Cabra"]
[Result "1-0"]
[WhiteElo "1748"]
[BlackElo "1353"]
[PlyCount "70"]
[EventDate "2018.03.16"]
[EventType "swiss"]
[EventRounds "6"]
[EventCountry "BRA"]
[SourceTitle "CBM 183 Extra"]
[Source "ChessBase"]
[SourceDate "2018.04.19"]
[SourceVersion "1"]
[SourceVersionDate "2018.04.19"]
[SourceQuality "1"]

1. Nf3 d5 2. b3 c5 3. Bb2 Nc6 4. e3 Bd7 5. d4 e6 6. Nbd2 Nf6 7. a3 Be7 8. Bd3 0-0 9. c4 cxd4 10. exd4 Qc7 11. 0-0 b6 12. Rc1 Rab8 13. Bb1 Na5 14. cxd5 Qd6 15. b4 Nb7 16. dxe6 Bxe6 17. Qe2 Rfc8 18. Ne4 Qd5 19. Ne5 Nd6 20. Ng5 Rxc1 21. Rxc1 Rc8 22. Nxe6 Rxc1+ 23. Bxc1 Qxe6 24. Ba2 Qc8 25. Bf4 Qb7 26. f3 Qc7 27. Nxf7 Kf8 28. Ng5 Qc3 29. Ne6+ Ke8 30. Nxg7+ Kd8 31. Bxd6 Bxd6 32. Ne6+ Kd7 33. g4 Qxa3 34. Ng7 Qxb4 35. Qe6+ Kd8 1-0

[Event "Joao Pessoa Fischer Memorial 7th"]
[Site "Joao Pessoa"]
[Date "2016.03.12"]
[Round "4"]
[White "Franca, Frankleno de Sousa"]
[Black "Araujo Brandao, Estevao Alisson"]
[Result "1-0"]
[WhiteElo "1800"]
[BlackElo "1667"]
[PlyCount "89"]
[EventDate "2016.03.11"]
[EventType "swiss"]
[EventRounds "6"]
[EventCountry "BRA"]
[SourceTitle "CBM 171 Extra"]
[Source "ChessBase"]
[SourceDate "2016.04.26"]
[SourceVersion "1"]
[SourceVersionDate "2016.04.26"]
[SourceQuality "1"]

1. d4 Nf6 2. c4 g6 3. Nc3 Bg7 4. e4 d6 5. f4 0-0 6. Nf3 Nbd7 7. Be2 e5 8. 0-0 exd4 9. Nxd4 c5 10. Ndb5 Ne8 11. Nxd6 Nxd6 12. Qxd6 Nb6 13. Qxd8 Rxd8 14. Nd5 Be6 15. Rd1 Rd7 16. Be3 Bxb2 17. Rab1 Na4 18. Rxb2 Nxb2 19. Nf6+ Kg7 20. Rxd7 Bxd7 21. Nxd7 b6 22. Bc1 Na4 23. Bd1 b5 24. Bxa4 bxa4 25. Nxc5 Rb8 26. Kf2 Rb4 27. a3 Rxc4 28. Be3 h5 29. h3 Rc2+ 30. Kf3 Rc3 31. Nxa4 Rxa3 32. Nb2 f6 33. Nc4 Rb3 34. e5 g5 35. fxg5 fxg5 36. Ke4 Kg6 37. g4 h4 38. Kd5 Kf7 39. e6+ Kf6 40. Bd4+ Ke7 41. Ne3 a5 42. Nf5+ Ke8 43. Bf6 Rxh3 44. Nd6+ Kf8 45. e7+ 1-0

[Event "Joao Pessoa Fischer Memorial 7th"]
[Site "Joao Pessoa"]
[Date "2016.03.12"]
[Round "3"]
[White "Teixeira, Alexandre Cesar Fer"]
[Black "Franca, Frankleno de Sousa"]
[Result "0-1"]
[WhiteElo "1489"]
[BlackElo "1800"]
[PlyCount "76"]
[EventDate "2016.03.11"]
[EventType "swiss"]
[EventRounds "6"]
[EventCountry "BRA"]
[SourceTitle "CBM 171 Extra"]
[Source "ChessBase"]
[SourceDate "2016.04.26"]
[SourceVersion "1"]
[SourceVersionDate "2016.04.26"]
[SourceQuality "1"]

1. e4 c5 2. Nf3 d6 3. Nc3 Nc6 4. Bc4 e6 5. 0-0 a6 6. d4 cxd4 7. Nxd4 Nf6 8. Bg5 Be7 9. Re1 0-0 10. Nxc6 bxc6 11. Qf3 Nd7 12. Bd2 Ne5 13. Qe2 Nxc4 14. Qxc4 c5 15. Rad1 Rb8 16. b3 Qc7 17. Qe2 Rd8 18. Bf4 Qc6 19. Rd2 Rb7 20. Red1 Rbd7 21. f3 Bb7 22. Qe3 c4 23. Bg5 Bxg5 24. Qxg5 cxb3 25. Qe3 bxa2 26. Nxa2 Qc4 27. c3 h6 28. Qb6 Qc6 29. Qe3 d5 30. Nb4 Qb5 31. exd5 exd5 32. Rd4 a5 33. Nc2 Qa6 34. Rg4 Rd6 35. Ra1 Re6 36. Qd4 Rg6 37. Rxg6 Qxg6 38. Rxa5 Qxc2 0-1